000 01025nam a22002531u 4500
001 12205
003 HDC
007 cr bn ---
008 210209p2002 my eng
040 _aHDC
100 _aHasimah Hafiz Ahmad,
_eauthor
_912674
245 0 _aPhysico-chemical, nutritional and organoleptic properties of coated Gandul pineapple developed with different coatings /
_cby Hasimah Hafiz Ahmad, Zanariah Jiman, Rafiah Hasanah Mohd. Yusof and Noor Rehan Abdullah
260 _aSerdang :
_bMalaysian Agricultural Research and Development Institute (MARDI),
_c2002
300 _a1 page
336 _atext
_2rdacontent
337 _acomputer
_2rdamedia
338 _aonline resource
_2rdacarrier
650 _aNutritional properties
_912676
650 _aPineapple
_912675
856 _zRequest full-text at [email protected]
942 _2lcc
942 _cAR
942 _kJART 003044
999 _c9528
_d9528